000
00505nam a2200181Ia 4500
008
090124s9999 xx 000 0 und d
082
_b
3842
100
_a
गांगल वसंत
245
_a
ससेमिरा
250
_a
0
260
_b
मनोरंजन प्रकाशन
_c
1964
300
_a
84
600
_a
गांगल वसंत
630
_a
ससेमिरा
700
_a
गांगल वसंत
730
_a
ससेमिरा
942
_c
BOOK
999
_c
83420
_d
83420